[Event "BCF-chT2b 1314 (4NCL)"]
[Site "England"]
[Date "2014.02.16"]
[Round "6.78"]
[White "Bowmer, Kevin"]
[Black "Morrison, Lynne GP"]
[Result "1-0"]
[WhiteElo "2086"]
[BlackElo "1888"]
[PlyCount "63"]
[EventDate "2013.11.16"]
[EventType "team-swiss"]
[EventRounds "11"]
[EventCountry "ENG"]
[SourceTitle "EXT 2015"]
[Source "ChessBase"]
[SourceDate "2014.11.20"]
[SourceVersion "1"]
[SourceVersionDate "2014.11.20"]
[SourceQuality "1"]
[WhiteTeam "Hackney"]
[BlackTeam "Barbican Youth"]
[WhiteTeamCountry "ENG"]
[BlackTeamCountry "ENG"]

1. e4 c5 2. Nf3 d6 3. d4 cxd4 4. Nxd4 Nf6 5. Nc3 e6 6. Be2 Be7 7. 0-0 0-0 8. Be3 a6 9. f4 Qc7 10. a4 Nc6 11. Kh1 b6 12. Nxc6 Qxc6 13. e5 Nd5 14. Nxd5 exd5 15. Bf3 Bb7 16. c4 dxe5 17. cxd5 Qd6 18. Qd2 Bf6 19. Qf2 exf4 20. Bxb6 Rfe8 21. Bc5 Qe5 22. Rad1 Rad8 23. b4 g5 24. h3 Bg7 25. d6 Bxf3 26. Qxf3 Qe2 27. d7 Re7 28. Qxe2 Rxe2 29. Bb6 Bf6 30. Bxd8 Bxd8 31. Rfe1 Rxe1+ 32. Rxe1 1-0

[Event "BCF-chT2a 1112 (4NCL)"]
[Site "England"]
[Date "2012.01.15"]
[Round "4.8"]
[White "Morrison, Lynne GP"]
[Black "Batchelor, Peter"]
[Result "0-1"]
[WhiteElo "1897"]
[BlackElo "2006"]
[PlyCount "86"]
[EventDate "2011.11.12"]
[EventType "team-tourn"]
[EventRounds "7"]
[EventCountry "ENG"]
[SourceTitle "EXT 2013"]
[Source "ChessBase"]
[SourceDate "2012.11.22"]
[SourceVersion "1"]
[SourceVersionDate "2012.11.22"]
[SourceQuality "1"]
[WhiteTeam "Barbican Youth"]
[BlackTeam "Pandoras Box"]
[WhiteTeamCountry "ENG"]
[BlackTeamCountry "ENG"]

1. d4 d5 2. Nf3 Nf6 3. e3 e6 4. Bd3 c5 5. c3 Nc6 6. Nbd2 Bd6 7. 0-0 0-0 8. Re1 cxd4 9. exd4 Qc7 10. Nf1 e5 11. dxe5 Nxe5 12. Nxe5 Bxe5 13. Bg5 Ng4 14. g3 h6 15. Bd2 Bd7 16. Qf3 Nf6 17. Bf5 Bc6 18. Qd3 Rad8 19. Qc2 Rfe8 20. Rad1 b6 21. Bh3 Ne4 22. Be3 Qb7 23. Bg2 Nd6 24. Bc1 Nb5 25. Qf5 g6 26. Qc2 Bg7 27. h4 d4 28. Bxc6 Qxc6 29. c4 Nd6 30. b3 Nf5 31. Qd3 Re6 32. Bb2 Rde8 33. Qd2 h5 34. Ba3 Bh6 35. Rxe6 Qxe6 36. Qd3 Qe2 37. Qb1 Re4 38. Bb4 Nxh4 39. gxh4 Rg4+ 40. Ng3 Be3 41. Bd6 Bxf2+ 42. Kh1 Qf3+ 43. Kh2 Rxh4# 0-1

[Event "BCF-chT1b 0809 (4NCL)"]
[Site "England"]
[Date "2008.10.05"]
[Round "2.8"]
[White "Smith, Olivia"]
[Black "Morrison, Lynne GP"]
[Result "1-0"]
[WhiteElo "1961"]
[BlackElo "1926"]
[PlyCount "57"]
[EventDate "2008.10.04"]
[EventType "team-tourn"]
[EventRounds "7"]
[EventCountry "ENG"]
[SourceTitle "CBM 126 Extra"]
[Source "ChessBase"]
[SourceDate "2008.11.05"]
[SourceVersion "1"]
[SourceVersionDate "2008.11.05"]
[SourceQuality "1"]
[WhiteTeam "Bristol"]
[BlackTeam "NW Eagles"]
[WhiteTeamCountry "ENG"]
[BlackTeamCountry "ENG"]

1. e4 c5 2. Nf3 d6 3. d4 cxd4 4. Nxd4 Nf6 5. Nc3 e6 6. Bc4 Be7 7. Bb3 a6 8. Qf3 Qc7 9. g4 Nc6 10. Nxc6 Qxc6 11. g5 Nd7 12. Be3 Ne5 13. Qh5 Nc4 14. Bxc4 Qxc4 15. 0-0-0 b5 16. Rd4 Qc7 17. f4 g6 18. Qe2 Bb7 19. Rf1 Bc8 20. f5 gxf5 21. exf5 d5 22. fxe6 fxe6 23. Qh5+ Kd7 24. g6 Qd8 25. Nxd5 Bd6 26. Nf6+ Kc7 27. g7 Rg8 28. Rxd6 Kxd6 29. Qc5# 1-0

[Event "BCF-chT1b 0809 (4NCL)"]
[Site "England"]
[Date "2008.10.04"]
[Round "1.8"]
[White "Morrison, Lynne GP"]
[Black "Longson, Sarah N"]
[Result "1/2-1/2"]
[WhiteElo "1926"]
[BlackElo "2088"]
[PlyCount "143"]
[EventDate "2008.10.04"]
[EventType "team-tourn"]
[EventRounds "7"]
[EventCountry "ENG"]
[SourceTitle "CBM 126 Extra"]
[Source "ChessBase"]
[SourceDate "2008.11.05"]
[SourceVersion "1"]
[SourceVersionDate "2008.11.05"]
[SourceQuality "1"]
[WhiteTeam "NW Eagles"]
[BlackTeam "Wood Green Hilsmark Kingfisher II"]
[WhiteTeamCountry "ENG"]
[BlackTeamCountry "ENG"]

1. d4 Nf6 2. Nf3 g6 3. Bg5 Bg7 4. c3 d5 5. Nbd2 0-0 6. e3 c5 7. Bd3 cxd4 8. exd4 Nc6 9. 0-0 Bg4 10. Re1 h6 11. Bh4 g5 12. Bg3 Qc8 13. Qc2 Nh5 14. Ne5 Nxg3 15. Nxg4 Qxg4 16. fxg3 Qd7 17. Rf1 Rac8 18. Qd1 Qc7 19. Kh1 Rcd8 20. Qh5 e5 21. dxe5 Nxe5 22. Bf5 Qb6 23. Rab1 Nc4 24. Nxc4 dxc4 25. h4 gxh4 26. gxh4 Qc6 27. Rbd1 Rxd1 28. Rxd1 Qb6 29. Qe2 Qf6 30. Qg4 Qa6 31. a3 Qb5 32. Rd2 Re8 33. Be4 Qb6 34. Qf3 Qf6 35. g3 Qxf3+ 36. Bxf3 b6 37. Rd7 Re3 38. Kg2 a5 39. Rc7 b5 40. Rb7 b4 41. axb4 axb4 42. Rxb4 Rd3 43. Rb8+ Bf8 44. Be2 Rd2 45. Kf3 Kg7 46. g4 Bc5 47. Rb7 Kg6 48. Bxc4 Rf2+ 49. Ke4 Rf6 50. Rb5 Bf2 51. h5+ Kg7 52. Rf5 Rxf5 53. Kxf5 Be1 54. Bd5 Kf8 55. c4 Bb4 56. Ke5 Ke7 57. Kf5 f6 58. b3 Bd2 59. c5 Bb4 60. c6 Bd6 61. Ke4 Bc5 62. Kd3 Kd6 63. Kc4 Bb6 64. b4 Kc7 65. b5 Be3 66. Kd3 Bg5 67. Ke4 Bd2 68. Kf5 Bg5 69. Ke6 Bh4 70. Bc4 Bg5 71. Kf5 Bh4 72. Ke6 1/2-1/2

[Event "BCF-chT 0708 (4NCL)"]
[Site "Sunningdale"]
[Date "2008.03.02"]
[Round "8.8"]
[White "Morrison, Lynne GP"]
[Black "Sandu, Mihaela"]
[Result "0-1"]
[WhiteElo "1929"]
[BlackElo "2313"]
[PlyCount "48"]
[EventDate "2007.09.15"]
[EventType "team-tourn"]
[EventRounds "11"]
[EventCountry "ENG"]
[SourceTitle "EXT 2008"]
[Source "ChessBase"]
[SourceDate "2007.11.25"]
[SourceVersion "1"]
[SourceVersionDate "2007.11.25"]
[SourceQuality "1"]
[WhiteTeam "North West Eagles"]
[BlackTeam "Guildford II"]
[WhiteTeamCountry "ENG"]
[BlackTeamCountry "ENG"]

1. d4 Nf6 2. Nf3 g6 3. Bg5 Bg7 4. c3 0-0 5. Nbd2 d6 6. e4 c5 7. Bc4 cxd4 8. Nxd4 Nc6 9. N4f3 a6 10. a4 Bd7 11. 0-0 Qc7 12. Re1 Rab8 13. Nf1 b5 14. axb5 axb5 15. Bd3 b4 16. c4 Bg4 17. h3 Bxf3 18. Qxf3 Nd7 19. Qe2 Nc5 20. Rab1 Ne5 21. b3 Nexd3 22. Red1 Ne5 23. f3 Nc6 24. Ne3 Nd4 0-1

[Event "BCF-chT3 0708 (4NCL)"]
[Site "Sunningdale"]
[Date "2008.03.01"]
[Round "7.7"]
[White "Morrison, Lynne GP"]
[Black "Coates, David H"]
[Result "1-0"]
[WhiteElo "1929"]
[BlackElo "2056"]
[PlyCount "91"]
[EventDate "2007.09.15"]
[EventType "team-tourn"]
[EventRounds "11"]
[EventCountry "ENG"]
[SourceTitle "EXT 2023"]
[Source "ChessBase"]
[SourceDate "2022.10.05"]
[SourceVersion "1"]
[SourceVersionDate "2022.10.05"]
[SourceQuality "1"]
[WhiteTeam "NW Eagles"]
[BlackTeam "Pandoras Box"]
[WhiteTeamCountry "ENG"]
[BlackTeamCountry "ENG"]

1. d4 Nf6 2. Nf3 g6 3. Bg5 Bg7 4. c3 0-0 5. Nbd2 d5 6. e3 Nbd7 7. Bd3 Re8 8. 0-0 e5 9. dxe5 Nxe5 10. Nxe5 Rxe5 11. Bh4 Re8 12. Nf3 c6 13. h3 Qb6 14. Qc2 Ne4 15. Rad1 Nc5 16. Be2 Bf5 17. Qc1 Na4 18. c4 Bxb2 19. Qd2 Bg7 20. cxd5 cxd5 21. Nd4 Bxd4 22. exd4 Rac8 23. Bg4 Rc2 24. Qh6 Bxg4 25. hxg4 Nc3 26. Rd3 Ne2+ 27. Kh1 Rc3 28. Rdd1 Nxd4 29. f4 Ne2 30. f5 Ng3+ 31. Bxg3 gxf5 32. Qg5+ Qg6 33. Bh4 Qxg5 34. Bxg5 fxg4 35. Rxd5 Rc6 36. Rd7 Rg6 37. Bc1 Ra6 38. a3 b5 39. g3 f5 40. Kg1 Rc8 41. Bb2 Rg6 42. Rxf5 a6 43. Rff7 Rd8 44. Rxh7 Rxd7 45. Rxd7 Kf8 46. Bc3 1-0

[Event "BCF-chT3 0708 (4NCL)"]
[Site "Sunningdale"]
[Date "2007.09.16"]
[Round "2"]
[White "Morrison, Lynne GP"]
[Black "Elwin, Adrian G"]
[Result "0-1"]
[WhiteElo "1948"]
[BlackElo "2044"]
[PlyCount "122"]
[EventDate "2007.09.15"]
[EventType "team-tourn"]
[EventRounds "11"]
[EventCountry "ENG"]
[SourceTitle "CBM 120 Extra"]
[Source "ChessBase"]
[SourceDate "2007.11.01"]
[SourceVersion "1"]
[SourceVersionDate "2007.11.01"]
[SourceQuality "1"]
[WhiteTeam "NW Eagles"]
[BlackTeam "FCA Solutions"]
[WhiteTeamCountry "ENG"]
[BlackTeamCountry "ENG"]

1. d4 Nf6 2. Nf3 g6 3. Bg5 Bg7 4. c3 d6 5. Nbd2 Nbd7 6. e4 e5 7. dxe5 dxe5 8. Bc4 0-0 9. 0-0 c6 10. Re1 Qc7 11. Nf1 Nc5 12. Ng3 Be6 13. Qe2 Bxc4 14. Qxc4 Ne6 15. Be3 Ng4 16. Rad1 Rad8 17. Bc1 b5 18. Qb3 Nf6 19. Be3 Nd7 20. Rd2 Nb6 21. Rxd8 Rxd8 22. Rd1 Rxd1+ 23. Qxd1 Nc4 24. Bc1 Qd6 25. Qc2 Nb6 26. Ne2 Nc5 27. Ng3 Qd3 28. Ne1 Qxc2 29. Nxc2 Nd3 30. Ne2 Na4 31. Be3 Ndxb2 32. Bxa7 Nd1 33. Nb4 Ndxc3 34. Nxc3 Nxc3 35. Nxc6 Nxa2 36. Bc5 f6 37. Ne7+ Kf7 38. Nd5 Bh6 39. Kf1 Bd2 40. Ke2 Ba5 41. Kd3 Nc1+ 42. Kc2 Ne2 43. Kd3 Nf4+ 44. Nxf4 exf4 45. Kc2 Ke6 46. Kd3 f5 47. exf5+ Kxf5 48. Bd4 Bb4 49. f3 Bd6 50. Kc2 Ke6 51. Kd3 Kd5 52. Bb2 b4 53. Bd4 Be5 54. Bf2 b3 55. g3 fxg3 56. hxg3 h5 57. g4 hxg4 58. fxg4 b2 59. Kc2 Ke4 60. Bg1 g5 61. Bc5 Kf4 0-1

[Event "BCF-chT3 0607 (4NCL)"]
[Site "Sunningdale"]
[Date "2007.05.05"]
[Round "9.8"]
[White "Cabero, Pablo Padilla"]
[Black "Morrison, Lynne GP"]
[Result "1-0"]
[WhiteElo "2085"]
[BlackElo "1966"]
[PlyCount "47"]
[EventDate "2006.09.16"]
[EventType "team-tourn"]
[EventRounds "11"]
[EventCountry "ENG"]
[SourceTitle "EXT 2008"]
[Source "ChessBase"]
[SourceDate "2007.11.25"]
[SourceVersion "1"]
[SourceVersionDate "2007.11.25"]
[SourceQuality "1"]
[WhiteTeam "Braille Chess Association"]
[BlackTeam "NW Eagles II"]
[WhiteTeamCountry "ENG"]
[BlackTeamCountry "ENG"]

1. e4 c5 2. Nc3 Nc6 3. g3 g6 4. Bg2 Bg7 5. d3 d6 6. Be3 e6 7. Qd2 Nge7 8. Bh6 0-0 9. h4 f5 10. h5 Rf7 11. hxg6 hxg6 12. Nf3 Kf8 13. Ng5 Bxh6 14. Rxh6 Rg7 15. 0-0-0 Nd4 16. Rdh1 Ng8 17. Rh7 Rxh7 18. Rxh7 Rb8 19. exf5 gxf5 20. Qf4 b5 21. Qh4 b4 22. Rh8 bxc3 23. Rxg8+ Kxg8 24. Qh7+ 1-0

[Event "BCF-chT3 0607 (4NCL)"]
[Site "Sunningdale"]
[Date "2007.01.14"]
[Round "6.8"]
[White "Morrison, Lynne GP"]
[Black "Owens, Megan R"]
[Result "1-0"]
[WhiteElo "1966"]
[BlackElo "1760"]
[PlyCount "91"]
[EventDate "2006.09.16"]
[EventType "team-tourn"]
[EventRounds "11"]
[EventCountry "ENG"]
[SourceTitle "EXT 2008"]
[Source "ChessBase"]
[SourceDate "2007.11.25"]
[SourceVersion "1"]
[SourceVersionDate "2007.11.25"]
[SourceQuality "1"]
[WhiteTeam "NW Eagles II"]
[BlackTeam "Bristol II"]
[WhiteTeamCountry "ENG"]
[BlackTeamCountry "ENG"]

1. d4 d5 2. Nf3 Nf6 3. e3 g6 4. Bd3 Bg7 5. Nbd2 0-0 6. 0-0 Nbd7 7. c3 c5 8. Re1 Re8 9. e4 e5 10. dxe5 Nxe5 11. Nxe5 Rxe5 12. exd5 Rxe1+ 13. Qxe1 Qxd5 14. Bc4 Qd6 15. Nf3 Bg4 16. Ng5 Nd5 17. h3 Bd7 18. Bd2 Re8 19. Qd1 b5 20. Bf1 Bc6 21. Qc2 Qf6 22. Rd1 c4 23. Nf3 Nc7 24. Bg5 Qe6 25. Nd4 Qe4 26. Qd2 Bd5 27. Nxb5 Nxb5 28. Qxd5 Qxd5 29. Rxd5 Nc7 30. Rd7 Ne6 31. Be3 Rb8 32. Bc1 a6 33. Bxc4 a5 34. Bxe6 fxe6 35. Kf1 Kf8 36. Ke2 h5 37. Kd3 Rc8 38. Bg5 Re8 39. Ra7 Rb8 40. Kc2 Rb5 41. Be3 Bf6 42. b3 Be7 43. c4 Rf5 44. Rd7 Kf7 45. Kd3 Kf6 46. f3 1-0

[Event "BCF-chT3 0607 (4NCL)"]
[Site "Sunningdale"]
[Date "2006.09.16"]
[Round "1.7"]
[White "Morrison, Lynne GP"]
[Black "Lang, Heather"]
[Result "1/2-1/2"]
[WhiteElo "1969"]
[BlackElo "2050"]
[PlyCount "42"]
[EventDate "2006.09.16"]
[EventType "team-tourn"]
[EventRounds "11"]
[EventCountry "ENG"]
[SourceTitle "CBM 115 Extra"]
[Source "ChessBase"]
[SourceDate "2007.01.10"]
[SourceVersion "1"]
[SourceVersionDate "2007.01.10"]
[SourceQuality "1"]
[WhiteTeam "NW Eagles II"]
[BlackTeam "Pride and Prejudice "]
[WhiteTeamCountry "ENG"]
[BlackTeamCountry "ENG"]

1. d4 f5 2. Nf3 Nf6 3. c4 g6 4. g3 Bg7 5. Bg2 0-0 6. Nc3 d6 7. 0-0 Qe8 8. Nd5 Nxd5 9. cxd5 Qb5 10. Ng5 Qc4 11. e3 e6 12. b3 Qb5 13. Nxe6 Bxe6 14. dxe6 Nc6 15. a4 Qb6 16. Ba3 Rfe8 17. Rc1 Ne7 18. Qc2 c6 19. b4 a6 20. Rb1 Bf6 21. Rfd1 d5 1/2-1/2

[Event "BCF-chT2 0506 (4NCL)"]
[Site "Birmingham"]
[Date "2006.03.04"]
[Round "7.8"]
[White "Morrison, Lynne GP"]
[Black "Khoo, Selina"]
[Result "1/2-1/2"]
[WhiteElo "2003"]
[BlackElo "1997"]
[PlyCount "108"]
[EventDate "2005.10.22"]
[EventType "team-tourn"]
[EventRounds "11"]
[EventCountry "ENG"]
[SourceTitle "EXT 2007"]
[Source "ChessBase"]
[SourceDate "2006.11.23"]
[SourceVersion "1"]
[SourceVersionDate "2006.11.23"]
[SourceQuality "1"]
[WhiteTeam "Micro Mark NWE II"]
[BlackTeam "Wessex"]
[WhiteTeamCountry "ENG"]
[BlackTeamCountry "ENG"]

1. d4 d5 2. Nf3 Nf6 3. e3 Bg4 4. c4 c6 5. Qb3 Qc7 6. Ne5 Bd7 7. Nc3 e6 8. Bd2 dxc4 9. Bxc4 Bd6 10. f4 0-0 11. 0-0 a6 12. Rac1 Bc8 13. Bd3 Qe7 14. Nc4 Bc7 15. Ne4 Nd5 16. Ng5 h6 17. Nh3 Rd8 18. Rf3 Nd7 19. Bb1 c5 20. Qc2 Nf8 21. Ne5 cxd4 22. e4 Bxe5 23. exd5 Bf6 24. dxe6 Bxe6 25. Re1 Qd7 26. f5 Bd5 27. Rf2 Bh4 28. g3 Bf6 29. Bf4 Rac8 30. Qd2 Re8 31. Rfe2 Rxe2 32. Qxe2 Bc4 33. Qd2 Re8 34. b3 Bd5 35. Nf2 Rxe1+ 36. Qxe1 Bc6 37. Bd3 Qd5 38. Be4 Qd7 39. Bd3 Qd5 40. Be4 Qd7 41. Bd3 Nh7 42. h4 Be7 43. Be4 Bxe4 44. Qxe4 Nf6 45. Qd3 Qd5 46. g4 Nd7 47. g5 hxg5 48. hxg5 Nc5 49. Qh3 Ne4 50. g6 fxg6 51. fxg6 Nxf2 52. Kxf2 Bc5 53. Qc8+ Bf8 54. Qh3 Bc5 1/2-1/2

[Event "Olympiad Women-28"]
[Site "Thessaloniki"]
[Date "1988.11.29"]
[Round "14"]
[White "Morrison, Lynne GP"]
[Black "Forbes, Cathy"]
[Result "0-1"]
[WhiteElo "2010"]
[BlackElo "2035"]
[PlyCount "72"]
[EventDate "1988.11.13"]
[EventType "team-swiss"]
[EventRounds "14"]
[EventCountry "GRE"]
[SourceTitle "EXT 2019"]
[Source "ChessBase"]
[SourceDate "2018.10.10"]
[SourceVersion "1"]
[SourceVersionDate "2018.10.10"]
[SourceQuality "1"]
[WhiteTeam "Scotland (W)"]
[BlackTeam "England (W)"]
[WhiteTeamCountry "SCO"]
[BlackTeamCountry "ENG"]

1. d4 c5 2. c3 e6 3. e4 b6 4. Nf3 Bb7 5. Bd3 Nf6 6. Qe2 Be7 7. 0-0 Nc6 8. a3 d5 9. e5 Nd7 10. Nbd2 Qc7 11. Re1 g5 12. Nf1 g4 13. Ng5 h6 14. Nxf7 Kxf7 15. Qxg4 Ke8 16. Qxe6 cxd4 17. cxd4 Nxd4 18. Qg6+ Kd8 19. Qg7 Rf8 20. e6 Nf6 21. Bxh6 Nf3+ 22. gxf3 Rg8 23. Qxg8+ Nxg8 24. Bg7 Qf4 25. Be5 Qg5+ 26. Bg3 Rc8 27. Rad1 Nf6 28. Nd2 Bd6 29. Nb3 Nh5 30. Nd4 Nxg3 31. fxg3 Bc5 32. Bb5 Bxd4+ 33. Rxd4 Rc1 34. Rxc1 Qxc1+ 35. Kg2 Qxb2+ 36. Kh3 Qxd4 0-1